<?xml version="1.0" encoding="UTF-8"?><?xml-stylesheet type="text/xsl" href="static/style.xsl"?><OAI-PMH xmlns="http://www.openarchives.org/OAI/2.0/" xmlns:xsi="http://www.w3.org/2001/XMLSchema-instance" xsi:schemaLocation="http://www.openarchives.org/OAI/2.0/ http://www.openarchives.org/OAI/2.0/OAI-PMH.xsd"><responseDate>2026-04-18T04:06:52Z</responseDate><request verb="GetRecord" identifier="oai:www.recercat.cat:2072/418338" metadataPrefix="marc">https://recercat.cat/oai/request</request><GetRecord><record><header><identifier>oai:recercat.cat:2072/418338</identifier><datestamp>2026-04-09T18:51:26Z</datestamp><setSpec>com_2072_98</setSpec><setSpec>col_2072_378193</setSpec></header><metadata><record xmlns="http://www.loc.gov/MARC21/slim" xmlns:dcterms="http://purl.org/dc/terms/" xmlns:xsi="http://www.w3.org/2001/XMLSchema-instance" xmlns:doc="http://www.lyncode.com/xoai" xsi:schemaLocation="http://www.loc.gov/MARC21/slim http://www.loc.gov/standards/marcxml/schema/MARC21slim.xsd">
   <leader>00925njm 22002777a 4500</leader>
   <datafield ind2=" " ind1=" " tag="042">
      <subfield code="a">dc</subfield>
   </datafield>
   <datafield ind2=" " ind1=" " tag="720">
      <subfield code="a">Gairín Sallán, Joaquín</subfield>
      <subfield code="e">author</subfield>
   </datafield>
   <datafield ind2=" " ind1=" " tag="720">
      <subfield code="a">Castro Ceacero, Diego</subfield>
      <subfield code="e">author</subfield>
   </datafield>
   <datafield ind2=" " ind1=" " tag="720">
      <subfield code="a">Díaz Vicario, Anna</subfield>
      <subfield code="e">author</subfield>
   </datafield>
   <datafield ind2=" " ind1=" " tag="720">
      <subfield code="a">Burgos García, Antonio</subfield>
      <subfield code="e">author</subfield>
   </datafield>
   <datafield ind2=" " ind1=" " tag="720">
      <subfield code="a">Cobos Sanchiz, David</subfield>
      <subfield code="e">author</subfield>
   </datafield>
   <datafield ind2=" " ind1=" " tag="720">
      <subfield code="a">Del Arco Bravo, Isabel</subfield>
      <subfield code="e">author</subfield>
   </datafield>
   <datafield ind2=" " ind1=" " tag="720">
      <subfield code="a">Carreras Agón, Gemma</subfield>
      <subfield code="e">author</subfield>
   </datafield>
   <datafield ind2=" " ind1=" " tag="260">
      <subfield code="c">2019</subfield>
   </datafield>
   <datafield ind2=" " ind1=" " tag="520">
      <subfield code="a">La presente aportación, resultado del proyecto de investigación "Los centros educativos como organizaciones saludables. Guía para su desarrollo" financiado por la Fundación Prevent (XII Convocatoria de Becas I+d 2018) tiene como objetivo fundamental aportar algunas reflexiones y herramientas para mejorar el grado de seguridad y salud de los centros educativos. Su orientación es claramente práctica primando el lenguaje directo y el proporcionar recursos para la intervención educativa. Los dos primeros capítulos sintetizan el marco conceptual y estructural donde se puede enmarcar cualquier intervención, mientras que el tercero proporciona las estrategias e instrumentos que pueden ayudar tanto a la realización de los diagnósticos como a la elaboración y seguimiento de planes de intervención. El último capítulo proporciona referentes bibliográficos y otros ejemplos a partir de los cuales se puede ampliar la información y generar nuevas propuestas contextualizadas. Partimos del supuesto de que la perspectiva de centros educativos seguros y saludables no está totalmente asumida por los mismos por desconocimiento del concepto y por la falta de herramientas que permitan concretarla desde un punto de vista práctico. También, de que es posible diseñar y potenciar organizaciones escolares más seguras y saludables, mediante la definición de lineamientos básicos y generales y la aportación de algunas herramientas para el análisis y mejora de la situación actual.</subfield>
   </datafield>
   <datafield tag="653" ind2=" " ind1=" ">
      <subfield code="a">Seguridad</subfield>
   </datafield>
   <datafield tag="653" ind2=" " ind1=" ">
      <subfield code="a">Centros educativos</subfield>
   </datafield>
   <datafield tag="653" ind2=" " ind1=" ">
      <subfield code="a">EDURISC</subfield>
   </datafield>
   <datafield ind2="0" ind1="0" tag="245">
      <subfield code="a">Centros educativos seguros y saludables. Orientaciones prácticas para su desarrollo</subfield>
   </datafield>
</record></metadata></record></GetRecord></OAI-PMH>